Export policy : a global assessment /

Bibliographic Details
Other Authors: Czinkota, Michael R., Tesar, George
Format: Book
Language:English
Published: New York, N.Y. : Praeger, 1982.
Subjects:

MARC

Tag First Indicator Second Indicator Subfields
LEADER 00000cam a22000008a 4500
001 in00000087106
005 20151008064734.0
008 811015s1982 nyua b 00100 eng
010 |a  81017874  
020 |a 0030603773 :  |c $21.95 
035 |a (OCoLC)07923013 
035 |9 AAK4712AM 
039 0 |a 2  |b 3  |c 3  |d 3  |e 3 
040 |a DLC  |c DLC  |d TXA  |d UtOrBLW 
049 |a TXAM  |c [1673030] 
050 0 0 |a HF1417.5  |b .E95 
082 0 |a 382/.63  |2 19 
245 0 0 |a Export policy :  |b a global assessment /  |c edited by Michael R. Czinkota and George Tesar. 
263 |a 8204 
264 1 |a New York, N.Y. :  |b Praeger,  |c 1982. 
300 |a xiii, 175 pages :  |b illustrations ;  |c 24 cm. 
336 |a text  |b txt  |2 rdacontent 
337 |a unmediated  |b n  |2 rdamedia 
338 |a volume  |b nc  |2 rdacarrier 
504 |a Includes bibliographical references and index. 
650 0 |a Foreign trade promotion. 
650 0 |a Export marketing. 
700 1 |a Czinkota, Michael R. 
700 1 |a Tesar, George. 
999 |a MARS 
999 f f |s 25fbbb31-f9b2-3121-a3fc-7e3febc4d189  |i 0c3524b7-9419-312f-8727-d148063d85db  |t 0 
952 f f |p ric  |a Texas A&M University  |b Rellis Campus  |c Joint Library Facility  |d Remote Storage  |t 0  |e HF1417.5 .E95  |h Library of Congress classification  |i unmediated -- volume  |m A14806133688 
998 f f |a HF1417.5 .E95  |t 0  |l Remote Storage